000
00253 a2200109 4500
001
90860
082
_a
928.914391 HAL
090
_c
43032
_d
43032
100
_a
Dr Halal Naqvi
245
_a
Yadoon Ki Baraat
_c
Dr Halal Naqvi
_n
Urdu
300
_a
384 p
942
_a
CAE NUST
_k
928.914391 HAL
999
_c
325933
_d
325933